000 00444nam a2200181Ia 4500
001 8868
005 20260306160641.0
008 260306t2008||||xx |||||||||||||| ||spa||
041 _aESP
082 _a371.782
_bK469
100 _aKowalski, Robin
_eAUT
245 0 _aCyber bullying:
_bel acoso escolar en la era digital
260 _c2008
300 _a312 páginas :
_c21 cm.
650 _aGEN
654 _aCED
942 _cLIB
_dJUS
_fJUS
_2ddc
_n
999 _c8868
_d8868